| 000 | 00411nam a2200097Ia 4500 | ||
|---|---|---|---|
| 008 | 180130s9999 xx 000 0 und d | ||
| 245 |
_cDonnay, Karsten; Filimonov, Vladimir _aViews to a war: systematic differences in media and military reporting of the war in Iraq |
||
| 260 | _c2016 | ||
| 300 | _aBook title: Knowledge discovery in databases--Acession number C20553; pages 163-191 | ||
| 650 | _aKNOWLEDGE DISCOVERY | ||
| 999 |
_c354229 _d354229 |
||